| 000 | 00525cam a2200205ua 4500 | ||
|---|---|---|---|
| 001 | 6811 | ||
| 005 | 20260515114117.0 | ||
| 008 | 140304n ii |||gr||||Z||||||asm | ||
| 040 | _cMAIN | ||
| 082 | _a346.066 | ||
| 245 |
_aCompany ain _cBy Krishnakanta kalita |
||
| 250 | _a1st ed. | ||
| 260 |
_aGuwahati: _bUniversity publication department, _c1994. |
||
| 300 | _ax,145p. | ||
| 653 | _aPrivate law | ||
| 653 | _aCompany ain | ||
| 700 |
_aKalita,Krishnakanta, _eAuthor., |
||
| 700 |
_aBaruah,Nayan, _eAuthor. |
||
| 942 | _cBK | ||
| 999 |
_c5954 _d5954 |
||